Etické parametre ekonomického prostredia krajín V4 pred vstupom do EÚ zborník z medzinárodnej vedeckej konferencie Etika v ekonomickom prostredí II. : Banská Bystrica 2003

Saved in:
Bibliographic Details
Corporate Author: Etika v ekonomickom prostredí II.. Medzinárodná vedecká konferencia
Other Authors: Kika, Marián, Fobelová, Daniela, Martinkovičová, Miriam
Format: Book
Language:Slovak
Czech
Hungarian
English
Polish
Published: Banská Bystrica Ekonomická fakulta UMB 2003
Subjects:
Tags: Add Tag
No Tags, Be the first to tag this record!

MARC

LEADER 00000nam a2200000 4500
001 0148729
005 20240104094907.1
020 |a 80-8055-757-8 
041 0 |a slo 
041 0 |a cze 
041 0 |a hun 
041 0 |a eng 
041 0 |a pol 
044 |a SK 
245 1 0 |a Etické parametre ekonomického prostredia krajín V4 pred vstupom do EÚ  |b zborník z medzinárodnej vedeckej konferencie Etika v ekonomickom prostredí II. : Banská Bystrica 2003  |c zostavovateľ Marián Kika 
264 1 |a Banská Bystrica  |b Ekonomická fakulta UMB  |c 2003 
300 |a 237 s. 
610 2 0 |a etika 
610 2 0 |a ekonómia 
610 2 0 |a prostredie ekonomické 
610 2 0 |a krajiny tranzitívne 
610 2 0 |a Európska únia 
700 1 |a Kika, Marián 
700 1 |a Fobelová, Daniela 
700 1 |a Martinkovičová, Miriam 
110 2 |a Etika v ekonomickom prostredí II.. Medzinárodná vedecká konferencia